Zoom /

保存先:
書誌詳細
第一著者: Banyai, Istvan (autor)
フォーマット: 図書
言語:スペイン語
出版事項: México : Fondo de Cultura Económica, 2017, c1995
シリーズ:(Los Especiales de A la Orilla del Viento)
主題:
タグ: タグ追加
タグなし, このレコードへの初めてのタグを付けませんか!

MARC

LEADER 00000nam^a2200000^a^4500
001 000566602
005 20250521000000.0
009 20260310132110.103
020 |a 978-968-16-4903-6 
037 |a Acervo ITESO - Biblioteca 
041 |a GRA 
041 |a ESP 
082 |a 808. 899282  |b BAN 
100 |a Banyai, Istvan  |e (autor) 
245 1 0 |a Zoom /  |c I. Banyai. 
264 4 |a México :  |b Fondo de Cultura Económica,  |c 2017, c1995 
300 |a [64 p.] 
336 |a texto  |b txt  |2 rdacontenido 
337 |a sin mediación  |b n  |2 rdamedio 
338 |a volumen  |b nc  |2 rdasoporte 
440 5 |a (Los Especiales de A la Orilla del Viento) 
500 |a Traducción de: Zoom 
649 |a XX 
650 |a Libros para Niños 
650 |a Literatura Infantil -  |z Hungría 
650 |a Literatura Húngara -  |y Siglo XX 
910 |a Fondo General 
920 |a Impresos - Libros 
930 |a Colección General 
940 |a Literatura 
905 |a 101 
901 |a 0500333980  |b IT1  |c LIT  |i C182731  |u 20250521 
902 |a https://opac.biblio.iteso.mx/vufind/Record/000566602